[Event "Montreal Mercredi 10"]
[Site "Montreal CAN"]
[Date "2007.10.31"]
[Round "4"]
[White "Bergeron, Rene"]
[Black "Teasdale, Alain"]
[Result "1-0"]
[WhiteElo "1472"]
[BlackElo "1528"]
[PlyCount "101"]
[GameId "2160767910578946"]
[EventDate "2007.10.10"]
[EventType "swiss"]
[EventRounds "5"]
[EventCountry "CAN"]
[SourceTitle "EXT 2022"]
[Source "ChessBase"]
[SourceDate "2021.10.06"]
[SourceVersion "1"]
[SourceVersionDate "2021.10.06"]
[SourceQuality "1"]

1. e4 c5 2. Nf3 Nc6 3. c3 Nf6 4. d3 d6 5. Be2 e5 6. O-O g6 7. Bg5 Bg7 8. Qd2 h6 9. Bh4 Be6 10. Na3 Qd7 11. Bxf6 Bxf6 12. b3 g5 13. Rad1 g4 14. Ne1 Bg5 15. Qc2 f5 16. exf5 Bxf5 17. Nc4 h5 18. Ne3 Be6 19. d4 cxd4 20. cxd4 Nxd4 21. Qg6+ Qf7 22. Qxg5 Nxe2+ 23. Kh1 Rg8 24. Qh4 d5 25. Nd3 e4 26. Nc5 d4 27. Nxe6 Qxe6 28. Qxh5+ Kf8 29. Qc5+ Kf7 30. Nc4 d3 31. Nd6+ Kg6 32. Nc4 b6 33. Qe3 Rae8 34. Rfe1 Nc3 35. Rd2 Rgf8 36. Qd4 Ne2 37. Qe3 Kh7 38. Qg5 Rg8 39. Qh5+ Qh6 40. Qf5+ Qg6 41. Qd5 Qg5 42. Qd7+ Re7 43. Qd6 Rg6 44. Qb8 Rh6 45. Ne3 Qh4 46. Rexe2 dxe2 47. Rxe2 Qxh2+ 48. Qxh2 Rxh2+ 49. Kxh2 Kg6 50. Nxg4 Kf5 51. Ne3+ 1-0

[Event "Montreal Mercredi 10"]
[Site "Montreal CAN"]
[Date "2007.10.31"]
[Round "4"]
[White "Bolduc, Rene"]
[Black "Roy, Pierre Olivier"]
[Result "0-1"]
[WhiteElo "1454"]
[BlackElo "1452"]
[PlyCount "48"]
[GameId "2160767910578947"]
[EventDate "2007.10.10"]
[EventType "swiss"]
[EventRounds "5"]
[EventCountry "CAN"]
[SourceTitle "EXT 2022"]
[Source "ChessBase"]
[SourceDate "2021.10.06"]
[SourceVersion "1"]
[SourceVersionDate "2021.10.06"]
[SourceQuality "1"]

1. d4 Nf6 2. c4 e6 3. Nc3 d5 4. Nf3 c6 5. Bg5 Nbd7 6. e3 Qa5 7. Bd3 Ne4 8. O-O Nxg5 9. Nxg5 dxc4 10. Qh5 g6 11. Bxg6 fxg6 12. Qg4 Nf6 13. Qf4 Qf5 14. Rae1 Be7 15. Qxf5 exf5 16. e4 Nxe4 17. Ncxe4 O-O 18. Nc5 Bxg5 19. Ne6 Bxe6 20. Rxe6 Kf7 21. Re2 Rfe8 22. Rc2 Re4 23. Rxc4 Rd8 24. Rd1 Bf6 0-1

[Event "Montreal Mercredi 10"]
[Site "Montreal CAN"]
[Date "2007.10.31"]
[Round "4"]
[White "Forget, Luc"]
[Black "Tremblay, Sigfrid"]
[Result "1-0"]
[WhiteElo "1926"]
[BlackElo "1935"]
[PlyCount "51"]
[GameId "2160767910578948"]
[EventDate "2007.10.10"]
[EventType "swiss"]
[EventRounds "5"]
[EventCountry "CAN"]
[SourceTitle "EXT 2022"]
[Source "ChessBase"]
[SourceDate "2021.10.06"]
[SourceVersion "1"]
[SourceVersionDate "2021.10.06"]
[SourceQuality "1"]

1. d4 f5 2. g3 Nf6 3. Bg2 e6 4. Nf3 d5 5. O-O Bd6 6. c4 c6 7. b3 Qe7 8. Bb2 Nbd7 9. Qc2 Ne4 10. Nc3 O-O 11. Rad1 Nxc3 12. Bxc3 dxc4 13. bxc4 e5 14. dxe5 Nxe5 15. Nxe5 Bxe5 16. e3 Bxc3 17. Qxc3 Be6 18. a4 Rac8 19. c5 b5 20. Rd6 bxa4 21. Rfd1 Bb3 22. R1d4 Rfd8 23. Bxc6 Qc7 24. Rd7 Qb8 25. Rxg7+ Kxg7 26. Rd7+ 1-0

[Event "Montreal Mercredi 10"]
[Site "Montreal CAN"]
[Date "2007.10.31"]
[Round "4"]
[White "Fortin-Lavoie, Patrice"]
[Black "Neumark-Gaudet, Zev"]
[Result "1/2-1/2"]
[WhiteElo "1412"]
[BlackElo "1462"]
[PlyCount "124"]
[GameId "2160767910578949"]
[EventDate "2007.10.10"]
[EventType "swiss"]
[EventRounds "5"]
[EventCountry "CAN"]
[SourceTitle "EXT 2022"]
[Source "ChessBase"]
[SourceDate "2021.10.06"]
[SourceVersion "1"]
[SourceVersionDate "2021.10.06"]
[SourceQuality "1"]

1. Nf3 Nf6 2. c4 e6 3. Nc3 d5 4. cxd5 exd5 5. e3 Bf5 6. Qa4+ Nbd7 7. Nb5 c6 8. Nbd4 Nc5 9. Qd1 Bd3 10. Ne5 Bxf1 11. Rxf1 Bd6 12. Qc2 O-O 13. d3 Re8 14. f4 Ncd7 15. Ndf3 Bxe5 16. Nxe5 Nxe5 17. fxe5 Rxe5 18. Qe2 Qd7 19. Rf4 Rae8 20. Bd2 d4 21. e4 c5 22. O-O-O c4 23. Rxf6 gxf6 24. Bh6 f5 25. Qh5 fxe4 26. Qh4 Qf5 27. dxc4 d3 28. Be3 Qh5 29. Qg3+ Qg6 30. Qh3 Rh5 31. Qd7 Qe6 32. Qa4 Rc8 33. b3 b5 34. Qxa7 bxc4 35. b4 Qg4 36. Qb7 c3 37. Rf1 d2+ 38. Kc2 d1=Q+ 39. Rxd1 Qe2+ 40. Rd2 cxd2+ 41. Qxc8+ Kg7 42. Qc3+ f6 43. Bxd2 Qxg2 44. Qg3+ Qxg3 45. hxg3 Kf7 46. Bf4 Ke6 47. Kc3 Kd5 48. b5 Rh1 49. a4 h5 50. b6 Rb1 51. a5 Kc6 52. Kd4 Rb4+ 53. Ke3 f5 54. Kf2 Ra4 55. Bd2 h4 56. gxh4 Ra2 57. Ke3 f4+ 58. Kxf4 Rxd2 59. Kxe4 Ra2 60. h5 Rxa5 61. h6 Kxb6 62. h7 Ra8 1/2-1/2

[Event "Montreal Mercredi 10"]
[Site "Montreal CAN"]
[Date "2007.10.31"]
[Round "4"]
[White "Katch, Gary"]
[Black "Dominique, Vladimir"]
[Result "0-1"]
[WhiteElo "1848"]
[BlackElo "1819"]
[PlyCount "93"]
[GameId "2160767910578950"]
[EventDate "2007.10.10"]
[EventType "swiss"]
[EventRounds "5"]
[EventCountry "CAN"]
[SourceTitle "EXT 2022"]
[Source "ChessBase"]
[SourceDate "2021.10.06"]
[SourceVersion "1"]
[SourceVersionDate "2021.10.06"]
[SourceQuality "1"]

1. e4 c5 2. c3 d5 3. exd5 Qxd5 4. d4 Nf6 5. Nf3 Nc6 6. Be2 e6 7. O-O Be7 8. Be3 cxd4 9. cxd4 Ng4 10. Nc3 Qh5 11. Qd2 Nxe3 12. fxe3 Qh6 13. a3 O-O 14. Bd3 Na5 15. Rae1 b6 16. Qf2 f6 17. b4 Nb7 18. Qa2 Kh8 19. Nb5 Nd6 20. Nc7 Rb8 21. Nxe6 Bxe6 22. Qxe6 Rbe8 23. Qd7 Nf7 24. Re2 Bd6 25. e4 Re7 26. Qg4 Rc7 27. e5 Be7 28. Qe4 Rfc8 29. d5 Rc1 30. exf6 Rxf1+ 31. Kxf1 Rc1+ 32. Kf2 Bf8 33. Qe8 Kg8 34. fxg7 Kxg7 35. Qe3 Rc3 36. Qd4+ Qf6 37. Qxf6+ Kxf6 38. Bxh7 Rxa3 39. Rb2 a5 40. bxa5 bxa5 41. g4 Bc5+ 42. Kg2 Ra1 43. h4 a4 44. Re2 a3 45. Bc2 a2 46. g5+ Kg7 47. Ne1 0-1

[Event "Montreal Mercredi 10"]
[Site "Montreal CAN"]
[Date "2007.10.31"]
[Round "4"]
[White "Landry, Martin"]
[Black "Antoine, Vladimir"]
[Result "0-1"]
[WhiteElo "1623"]
[BlackElo "1606"]
[PlyCount "108"]
[GameId "2160767910578951"]
[EventDate "2007.10.10"]
[EventType "swiss"]
[EventRounds "5"]
[EventCountry "CAN"]
[SourceTitle "EXT 2022"]
[Source "ChessBase"]
[SourceDate "2021.10.06"]
[SourceVersion "1"]
[SourceVersionDate "2021.10.06"]
[SourceQuality "1"]

1. d4 d5 2. c4 c6 3. cxd5 cxd5 4. Nc3 Nc6 5. Bf4 Nf6 6. e3 Bg4 7. f3 Bf5 8. Bd3 Bxd3 9. Qxd3 e6 10. a3 Bd6 11. Bg5 O-O 12. e4 dxe4 13. fxe4 Nxd4 14. Rd1 Be5 15. Nf3 Nxf3+ 16. Qxf3 Qb6 17. Qe2 Qa5 18. Bd2 Qb6 19. Be3 Qc6 20. Bd4 Bxd4 21. Rxd4 Rfd8 22. Qd3 Qb6 23. Rxd8+ Rxd8 24. Qc2 Qe3+ 25. Qe2 Qc1+ 26. Nd1 Nxe4 27. O-O Qc5+ 28. Kh1 f5 29. Nc3 Rd4 30. Qb5 Qxb5 31. Nxb5 Rd1 32. Kg1 Rxf1+ 33. Kxf1 a6 34. Nd4 Kf7 35. Ke2 g6 36. Ke3 e5 37. Nb3 b6 38. Nc1 Ke6 39. Nd3 a5 40. b4 Kd5 41. bxa5 bxa5 42. g3 Nc5 43. Nb2 g5 44. h3 f4+ 45. gxf4 gxf4+ 46. Kf3 h5 47. Nd1 Kd4 48. Nf2 Kc4 49. h4 Kb3 50. Nh3 Kxa3 51. Nxf4 exf4 52. Kxf4 Kb3 53. Kg5 a4 54. Kxh5 a3 0-1

[Event "Montreal Mercredi 10"]
[Site "Montreal CAN"]
[Date "2007.10.31"]
[Round "4"]
[White "Marquis, Gerald"]
[Black "Lemieux, Serge"]
[Result "1-0"]
[WhiteElo "1498"]
[BlackElo "1490"]
[PlyCount "43"]
[GameId "2160767910578952"]
[EventDate "2007.10.10"]
[EventType "swiss"]
[EventRounds "5"]
[EventCountry "CAN"]
[SourceTitle "EXT 2022"]
[Source "ChessBase"]
[SourceDate "2021.10.06"]
[SourceVersion "1"]
[SourceVersionDate "2021.10.06"]
[SourceQuality "1"]

1. d4 d6 2. e4 Nf6 3. Bd3 Nc6 4. Nf3 Bg4 5. c3 g6 6. O-O Bg7 7. Bg5 h6 8. Bh4 g5 9. Bg3 Nh5 10. Nbd2 Nxg3 11. fxg3 Qd7 12. Qb3 Rb8 13. Nxg5 Be6 14. Nxe6 fxe6 15. Bb5 d5 16. e5 Qc8 17. Qc2 Kd7 18. Qg6 Qg8 19. Rf7 Rh7 20. Raf1 Qh8 21. Nb3 b6 22. Bxc6+ 1-0

[Event "Montreal Mercredi 10"]
[Site "Montreal CAN"]
[Date "2007.10.31"]
[Round "4"]
[White "Perreault, Jacques"]
[Black "Ameur, Nadji"]
[Result "0-1"]
[WhiteElo "1593"]
[BlackElo "1680"]
[PlyCount "126"]
[GameId "2160767910578954"]
[EventDate "2007.10.10"]
[EventType "swiss"]
[EventRounds "5"]
[EventCountry "CAN"]
[SourceTitle "EXT 2022"]
[Source "ChessBase"]
[SourceDate "2021.10.06"]
[SourceVersion "1"]
[SourceVersionDate "2021.10.06"]
[SourceQuality "1"]

1. c4 Nf6 2. Nf3 g6 3. Nc3 Bg7 4. g3 c6 5. e4 d6 6. Bg2 Nbd7 7. O-O O-O 8. d4 Nb6 9. Qe2 Bg4 10. c5 dxc5 11. dxc5 Nbd7 12. Be3 Qa5 13. h3 Bxf3 14. Bxf3 Nxc5 15. Rab1 Ne6 16. Qc4 Nd7 17. b4 Qc7 18. Nd5 cxd5 19. Qxc7 Nxc7 20. exd5 Ne5 21. Be2 Nxd5 22. Bc5 b6 23. f4 bxc5 24. fxe5 Bxe5 25. Rb3 Bd4+ 26. Kh2 Nxb4 27. Bc4 e6 28. a3 Nd5 29. Rb7 Ne3 30. Rfxf7 Rxf7 31. Bxe6 Raf8 32. Rxa7 Kg7 33. Bxf7 Rxf7 34. Ra8 Rf2+ 35. Kg1 Rg2+ 36. Kh1 Rxg3 37. a4 Rxh3+ 38. Kg1 Rg3+ 39. Kh2 Rg2+ 40. Kh3 Ra2 41. a5 Nf5 42. Kg4 h5+ 43. Kf3 Ra3+ 44. Ke4 c4 45. Kd5 c3 46. a6 Bf6 47. a7 Kh6 48. Rf8 Bd4 49. a8=Q Rxa8 50. Rxa8 h4 51. Rf8 Bg7 52. Re8 g5 53. Re2 Ng3 54. Re7 Nf5 55. Re6+ Kh5 56. Ke4 Kg4 57. Kd3 h3 58. Re2 Ng3 59. Rh2 Be5 60. Kc2 Ne4 61. Re2 Kf4 62. Rh2 g4 63. Kd3 Kf3 0-1

[Event "Montreal Mercredi 10"]
[Site "Montreal CAN"]
[Date "2007.10.31"]
[Round "4"]
[White "Savard, Alain"]
[Black "Millette, Sylvain"]
[Result "1-0"]
[WhiteElo "1606"]
[BlackElo "1717"]
[PlyCount "27"]
[GameId "2160767910578956"]
[EventDate "2007.10.10"]
[EventType "swiss"]
[EventRounds "5"]
[EventCountry "CAN"]
[SourceTitle "EXT 2022"]
[Source "ChessBase"]
[SourceDate "2021.10.06"]
[SourceVersion "1"]
[SourceVersionDate "2021.10.06"]
[SourceQuality "1"]

1. e4 Nf6 2. Nc3 d5 3. exd5 Nxd5 4. Bc4 Be6 5. Qf3 c6 6. Nge2 g6 7. Nd4 Qd6 8. O-O Nf4 9. Nxe6 Nxe6 10. Re1 Nd7 11. d4 O-O-O 12. Rxe6 fxe6 13. Bf4 Qxd4 14. Qxc6+ 1-0

[Event "Montreal Mercredi 10"]
[Site "Montreal CAN"]
[Date "2007.11.07"]
[Round "5"]
[White "Ameur, Nadji"]
[Black "Savard, Alain"]
[Result "0-1"]
[WhiteElo "1680"]
[BlackElo "1606"]
[PlyCount "98"]
[GameId "2160767910578957"]
[EventDate "2007.10.10"]
[EventType "swiss"]
[EventRounds "5"]
[EventCountry "CAN"]
[SourceTitle "EXT 2022"]
[Source "ChessBase"]
[SourceDate "2021.10.06"]
[SourceVersion "1"]
[SourceVersionDate "2021.10.06"]
[SourceQuality "1"]

1. d4 Nf6 2. c4 c5 3. d5 e6 4. dxe6 dxe6 5. Qxd8+ Kxd8 6. Nf3 Bd6 7. Nc3 a6 8. Bg5 Kc7 9. Bxf6 gxf6 10. Ne4 Be7 11. g3 Bd7 12. Bg2 Bc6 13. Ned2 Nd7 14. O-O Rad8 15. Rfd1 Rhg8 16. Nf1 f5 17. Ne1 Bf6 18. Rab1 Ne5 19. Bxc6 Rxd1 20. Rxd1 Kxc6 21. b3 h5 22. Nd3 h4 23. Nxe5+ Bxe5 24. Kg2 hxg3 25. hxg3 f4 26. Rd3 f5 27. Kh3 b5 28. gxf4 Bxf4 29. Ng3 bxc4 30. bxc4 Rb8 31. Rb3 Rb4 32. Rxb4 cxb4 33. Nf1 Bc1 34. Nh2 Kc5 35. Nf3 Kxc4 36. Ne5+ Kd5 37. Nd3 Bd2 38. Kg3 a5 39. e3 a4 40. Nf4+ Kd6 41. Nd3 b3 42. axb3 a3 43. b4 a2 44. Nb2 Kd5 45. Nd3 a1=Q 46. Kf3 Qd1+ 47. Kg3 Qg4+ 48. Kh2 Bxe3 49. b5 Bf4+ 0-1

[Event "Montreal Mercredi 10"]
[Site "Montreal CAN"]
[Date "2007.11.07"]
[Round "5"]
[White "Chesnut, Walter"]
[Black "Fortin-Lavoie, Patrice"]
[Result "0-1"]
[WhiteElo "1463"]
[BlackElo "1412"]
[PlyCount "72"]
[GameId "2160767910578958"]
[EventDate "2007.10.10"]
[EventType "swiss"]
[EventRounds "5"]
[EventCountry "CAN"]
[SourceTitle "EXT 2022"]
[Source "ChessBase"]
[SourceDate "2021.10.06"]
[SourceVersion "1"]
[SourceVersionDate "2021.10.06"]
[SourceQuality "1"]

1. d4 Nf6 2. Nf3 b6 3. g3 Bb7 4. Bg2 e6 5. O-O Be7 6. c4 O-O 7. Nc3 d5 8. cxd5 exd5 9. Bf4 Bd6 10. Bxd6 Qxd6 11. Qc2 Na6 12. a3 c6 13. Ne5 Nc7 14. e4 Ne6 15. Nf3 dxe4 16. Nxe4 Nxe4 17. Qxe4 Rab8 18. Qe5 Qd7 19. Rad1 Rfe8 20. Qf5 Qc7 21. Ng5 g6 22. Nxe6 Rxe6 23. Qc2 Qe7 24. b4 Ba6 25. Bh3 f5 26. Qd2 Bxf1 27. Rxf1 Rd8 28. Bg2 Red6 29. d5 cxd5 30. Re1 Qf6 31. Qa2 Kg7 32. Qc2 d4 33. Qc7+ R6d7 34. Qf4 d3 35. Rd1 d2 36. Bf3 Qc3 0-1

[Event "Montreal Mercredi 10"]
[Site "Montreal CAN"]
[Date "2007.11.07"]
[Round "5"]
[White "Lemieux, Serge"]
[Black "Casquero, Herberth"]
[Result "1/2-1/2"]
[WhiteElo "1490"]
[BlackElo "1522"]
[PlyCount "79"]
[GameId "2160767910578960"]
[EventDate "2007.10.10"]
[EventType "swiss"]
[EventRounds "5"]
[EventCountry "CAN"]
[SourceTitle "EXT 2022"]
[Source "ChessBase"]
[SourceDate "2021.10.06"]
[SourceVersion "1"]
[SourceVersionDate "2021.10.06"]
[SourceQuality "1"]

1. e4 e5 2. Nf3 Nc6 3. Bb5 Nd4 4. Bc4 Bc5 5. Nxd4 Bxd4 6. c3 Bb6 7. d4 Qf6 8. Be3 Ne7 9. O-O O-O 10. dxe5 Qxe5 11. Bxb6 axb6 12. Nd2 d6 13. Qe2 Be6 14. Rfe1 d5 15. exd5 Qxe2 16. Bxe2 Bxd5 17. Bf3 Bxf3 18. Rxe7 Bd5 19. c4 Bc6 20. b4 Rfd8 21. Re2 Rd4 22. f3 Rad8 23. b5 Rxd2 24. Rxd2 Rxd2 25. bxc6 bxc6 26. c5 Kf8 27. cxb6 cxb6 28. a4 Rb2 29. a5 bxa5 30. Rxa5 Rb7 31. Rc5 Rc7 32. Kf2 Ke7 33. Ke3 Kd6 34. Kd4 Rb7 35. Rc2 c5+ 36. Rxc5 Rb4+ 37. Rc4 Rxc4+ 38. Kxc4 Ke5 39. g3 f5 40. h4 1/2-1/2

[Event "Montreal Mercredi 10"]
[Site "Montreal CAN"]
[Date "2007.11.07"]
[Round "5"]
[White "Millette, Sylvain"]
[Black "Landry, Martin"]
[Result "1-0"]
[WhiteElo "1717"]
[BlackElo "1623"]
[PlyCount "81"]
[GameId "2160767910578961"]
[EventDate "2007.10.10"]
[EventType "swiss"]
[EventRounds "5"]
[EventCountry "CAN"]
[SourceTitle "EXT 2022"]
[Source "ChessBase"]
[SourceDate "2021.10.06"]
[SourceVersion "1"]
[SourceVersionDate "2021.10.06"]
[SourceQuality "1"]

1. Nf3 d6 2. g3 e5 3. d3 f5 4. e4 Nf6 5. Bg5 Be7 6. Nc3 c6 7. Bg2 O-O 8. Qe2 Qc7 9. a3 fxe4 10. Nxe4 Nxe4 11. Qxe4 Bf5 12. Qe3 h6 13. Bxe7 Qxe7 14. Nh4 Bh7 15. Be4 d5 16. Bxh7+ Kxh7 17. O-O Nd7 18. Rae1 Qf6 19. c3 g5 20. Ng2 Qf3 21. Qd2 Rae8 22. Re3 Qh5 23. f4 gxf4 24. gxf4 Nf6 25. fxe5 Rxe5 26. Rxe5 Qxe5 27. Rf3 Qd6 28. Ne3 Rg8+ 29. Kh1 d4 30. Nf5 Qf8 31. Nxd4 Rg6 32. Qf2 Qd6 33. Ne2 Ng4 34. Qh4 Qd5 35. Qe7+ Kh8 36. Qe4 Qh5 37. Qf4 Rf6 38. Qb8+ Kg7 39. Qxb7+ Kg6 40. Rxf6+ Nxf6 41. Nf4+ 1-0

[Event "Montreal Mercredi 10"]
[Site "Montreal CAN"]
[Date "2007.11.07"]
[Round "5"]
[White "Neumark-Gaudet, Zev"]
[Black "Bolduc, Rene"]
[Result "0-1"]
[WhiteElo "1462"]
[BlackElo "1454"]
[PlyCount "36"]
[GameId "2160767910578962"]
[EventDate "2007.10.10"]
[EventType "swiss"]
[EventRounds "5"]
[EventCountry "CAN"]
[SourceTitle "EXT 2022"]
[Source "ChessBase"]
[SourceDate "2021.10.06"]
[SourceVersion "1"]
[SourceVersionDate "2021.10.06"]
[SourceQuality "1"]

1. e4 e6 2. d4 d5 3. exd5 exd5 4. c4 Nf6 5. Nc3 c6 6. Bg5 Be7 7. Bd3 Bg4 8. Qb3 O-O 9. Qxb7 Nbd7 10. Qxc6 Rc8 11. Qa6 dxc4 12. Bxc4 Bb4 13. Rc1 Nb6 14. Bxf6 Qxf6 15. Be2 Qxd4 16. Qd3 Qf4 17. Rd1 Nc4 18. Qc2 Nxb2 0-1

[Event "Montreal Mercredi 10"]
[Site "Montreal CAN"]
[Date "2007.11.07"]
[Round "5"]
[White "Teasdale, Alain"]
[Black "Marquis, Gerald"]
[Result "0-1"]
[WhiteElo "1528"]
[BlackElo "1498"]
[PlyCount "94"]
[GameId "2160767910578963"]
[EventDate "2007.10.10"]
[EventType "swiss"]
[EventRounds "5"]
[EventCountry "CAN"]
[SourceTitle "EXT 2022"]
[Source "ChessBase"]
[SourceDate "2021.10.06"]
[SourceVersion "1"]
[SourceVersionDate "2021.10.06"]
[SourceQuality "1"]

1. e4 e5 2. Nf3 Nf6 3. d4 Nxe4 4. Nxe5 d5 5. Bd3 Be6 6. c4 Bb4+ 7. Nd2 Nxd2 8. Bxd2 Bxd2+ 9. Qxd2 O-O 10. c5 Re8 11. O-O c6 12. b4 Nd7 13. f4 Nxe5 14. dxe5 Qh4 15. f5 Qd4+ 16. Kh1 Bxf5 17. Rad1 Bxd3 18. Qxd3 Qxd3 19. Rxd3 Rxe5 20. Rdf3 f6 21. a3 Rae8 22. Kg1 Re3 23. g4 R8e4 24. h3 d4 25. Kg2 h6 26. a4 Kf7 27. b5 Ke6 28. bxc6 bxc6 29. Rb1 Rxf3 30. Kxf3 Re3+ 31. Kg2 Kd5 32. Rc1 Rc3 33. Re1 Kxc5 34. Re7 Kd6 35. Rxa7 d3 36. Ra8 c5 37. Kf2 Rc2+ 38. Ke3 c4 39. Ra6+ Kc5 40. Ra5+ Kb4 41. Ra7 d2 42. Ke2 c3 43. Rb7+ Kxa4 44. Ra7+ Kb3 45. Rb7+ Ka2 46. Ra7+ Kb1 47. Rb7+ Kc1 0-1

[Event "Montreal Mercredi 10"]
[Site "Montreal CAN"]
[Date "2007.11.07"]
[Round "5"]
[White "Tremblay, Sigfrid"]
[Black "Katch, Gary"]
[Result "1-0"]
[WhiteElo "1935"]
[BlackElo "1848"]
[PlyCount "35"]
[GameId "2160767910578964"]
[EventDate "2007.10.10"]
[EventType "swiss"]
[EventRounds "5"]
[EventCountry "CAN"]
[SourceTitle "EXT 2022"]
[Source "ChessBase"]
[SourceDate "2021.10.06"]
[SourceVersion "1"]
[SourceVersionDate "2021.10.06"]
[SourceQuality "1"]

1. e4 d5 2. exd5 Nf6 3. Nf3 Nxd5 4. d4 Bg4 5. h3 Bh5 6. g4 Bg6 7. Ne5 e6 8. Bg2 c6 9. c4 Nb6 10. Nc3 N8d7 11. Nxg6 hxg6 12. Qe2 Be7 13. Be3 O-O 14. O-O-O Qc7 15. f4 c5 16. d5 exd5 17. cxd5 Rad8 18. d6 1-0

[Event "Montreal Mercredi 11"]
[Site "Montreal CAN"]
[Date "2007.11.21"]
[Round "1"]
[White "Ber, Alexandre"]
[Black "Turcotte, Jonathan"]
[Result "0-1"]
[WhiteElo "1527"]
[BlackElo "1524"]
[PlyCount "58"]
[GameId "2160767910566007"]
[EventDate "2007.11.21"]
[EventType "swiss"]
[EventRounds "5"]
[EventCountry "CAN"]
[SourceTitle "EXT 2022"]
[Source "ChessBase"]
[SourceDate "2021.10.06"]
[SourceVersion "1"]
[SourceVersionDate "2021.10.06"]
[SourceQuality "1"]

1. d4 d5 2. c4 c6 3. e3 Nf6 4. Nc3 e6 5. Nf3 Nbd7 6. Bd3 dxc4 7. Bxc4 b5 8. Bb3 Bb7 9. O-O b4 10. Na4 c5 11. dxc5 Nxc5 12. Nxc5 Bxc5 13. Ba4+ Ke7 14. Qe2 Qa5 15. b3 Ba6 16. Qc2 Bxf1 17. Kxf1 Rac8 18. Qb2 Rhd8 19. Ne5 Rd1+ 20. Ke2 Rh1 21. Nc4 Qa6 22. Qc2 Rxh2 23. Bb2 Qb7 24. Bxf6+ gxf6 25. Rd1 Qxg2 26. Rf1 Qg4+ 27. Kd2 Qf3 28. Ke1 Bxe3 29. Nd2 Bxf2+ 0-1

[Event "Montreal Mercredi 11"]
[Site "Montreal CAN"]
[Date "2007.11.21"]
[Round "1"]
[White "Berthiaume, Yves"]
[Black "Coupal, Gerald"]
[Result "1-0"]
[WhiteElo "1335"]
[BlackElo "1305"]
[PlyCount "127"]
[GameId "2160767910566008"]
[EventDate "2007.11.21"]
[EventType "swiss"]
[EventRounds "5"]
[EventCountry "CAN"]
[SourceTitle "EXT 2022"]
[Source "ChessBase"]
[SourceDate "2021.10.06"]
[SourceVersion "1"]
[SourceVersionDate "2021.10.06"]
[SourceQuality "1"]

1. e4 c5 2. Nc3 e6 3. g3 Nc6 4. Bg2 Nf6 5. d3 d6 6. Be3 g6 7. Nge2 Bg7 8. Qd2 O-O 9. Bh6 Bxh6 10. Qxh6 Nd4 11. Qd2 b6 12. O-O e5 13. h3 Bb7 14. Rfe1 Re8 15. Nxd4 cxd4 16. Ne2 d5 17. Nc1 Rc8 18. Kh2 Qc7 19. Re2 dxe4 20. dxe4 Ba6 21. Nd3 Re6 22. Rc1 Bxd3 23. Qxd3 Qc4 24. Rd1 Qxa2 25. b3 Qb2 26. c4 Qc3 27. Qxc3 dxc3 28. Rc2 b5 29. Rxc3 bxc4 30. bxc4 Rec6 31. Rdc1 Rc5 32. f3 Nd7 33. Bf1 Nb6 34. Bd3 a5 35. h4 h6 36. g4 g5 37. Kg3 f6 38. h5 Nd7 39. Ra1 Ra8 40. Rb3 Rc7 41. Rba3 Nc5 42. Bc2 Rca7 43. Ba4 Rb8 44. Bb5 Kf7 45. Rxa5 Rxa5 46. Rxa5 Rb7 47. Be8+ Kxe8 48. Rxc5 Kd7 49. Rd5+ Kc6 50. Rd8 Kc5 51. Rh8 Kxc4 52. Rxh6 Kd4 53. Rxf6 Ke3 54. Rf5 Rb1 55. Kg2 Rb2+ 56. Kg3 Rb1 57. Rxg5 Rg1+ 58. Kh2 Kf2 59. Rf5 Rg2+ 60. Kh3 Rg3+ 61. Kh4 Rxf3 62. Kg5 Ke3 63. Rxf3+ Kxf3 64. Kf5 1-0

[Event "Montreal Mercredi 11"]
[Site "Montreal CAN"]
[Date "2007.11.21"]
[Round "1"]
[White "Bolduc, Rene"]
[Black "Chenard, Yanick"]
[Result "1-0"]
[WhiteElo "1470"]
[BlackElo "1428"]
[PlyCount "113"]
[GameId "2160767910566009"]
[EventDate "2007.11.21"]
[EventType "swiss"]
[EventRounds "5"]
[EventCountry "CAN"]
[SourceTitle "EXT 2022"]
[Source "ChessBase"]
[SourceDate "2021.10.06"]
[SourceVersion "1"]
[SourceVersionDate "2021.10.06"]
[SourceQuality "1"]

1. d4 d6 2. c4 e5 3. dxe5 dxe5 4. Qxd8+ Kxd8 5. e4 Bc5 6. Nf3 f6 7. a3 a5 8. Nc3 Bd7 9. Nh4 Ne7 10. f4 exf4 11. Nf3 Bd6 12. Bd2 Bc6 13. O-O-O Nd7 14. Nd4 Nc5 15. Be2 g5 16. Bf3 Nd3+ 17. Kc2 Nf2 18. c5 Nxd1 19. cxd6 Nxc3 20. dxe7+ Kxe7 21. Bxc3 Be8 22. Re1 Bg6 23. Kc1 Rhe8 24. e5 Kf7 25. e6+ Kg7 26. Bxb7 Rab8 27. Bc6 Re7 28. Bxa5 Rd8 29. Bd7 Rexd7 30. exd7 Rxd7 31. Ne6+ Kh6 32. Nxc7 Rd3 33. Bc3 Rd6 34. Ne8 Bxe8 35. Rxe8 f5 36. Re7 Kg6 37. Kc2 g4 38. Re2 h5 39. a4 h4 40. Be1 h3 41. gxh3 f3 42. Re8 Kf7 43. Re3 Rh6 44. h4 Rc6+ 45. Kd1 Rd6+ 46. Kc2 Rc6+ 47. Kd2 Rd6+ 48. Rd3 Re6 49. Re3 Rd6+ 50. Rd3 Re6 51. a5 Re2+ 52. Kd1 Rxh2 53. a6 Rh1 54. Kd2 Rh2+ 55. Kc3 f2 56. Bxf2 Rxf2 57. a7 1-0

[Event "Montreal Mercredi 11"]
[Site "Montreal CAN"]
[Date "2007.11.21"]
[Round "1"]
[White "Forget, Luc"]
[Black "Landry, Martin"]
[Result "1-0"]
[WhiteElo "1987"]
[BlackElo "1608"]
[PlyCount "77"]
[GameId "2160767910566010"]
[EventDate "2007.11.21"]
[EventType "swiss"]
[EventRounds "5"]
[EventCountry "CAN"]
[SourceTitle "EXT 2022"]
[Source "ChessBase"]
[SourceDate "2021.10.06"]
[SourceVersion "1"]
[SourceVersionDate "2021.10.06"]
[SourceQuality "1"]

1. d4 Nf6 2. c4 e6 3. g3 d5 4. Nf3 Be7 5. Bg2 c6 6. O-O Nbd7 7. Qc2 dxc4 8. Qxc4 Nb6 9. Qc2 Qd5 10. Ne5 Qxd4 11. Nxc6 Qc5 12. Qxc5 Bxc5 13. Ne5 Bd6 14. Nd3 Rb8 15. Nc3 Bd7 16. e4 e5 17. f4 Bc7 18. fxe5 Ng4 19. Bf4 Be6 20. Nd5 Bd8 21. Rac1 Nxd5 22. exd5 Bb6+ 23. Nc5 Bf5 24. h3 Rc8 25. b4 Bd3 26. Rfd1 Nxe5 27. Bxe5 f6 28. Rxd3 fxe5 29. d6 O-O 30. Bxb7 Rcd8 31. Re1 Rf6 32. d7 Rdf8 33. h4 a5 34. a3 Rb8 35. Kg2 Rbf8 36. Rxe5 Rf2+ 37. Kh3 R2f3 38. Rxf3 Rxf3 39. Bxf3 1-0